000
00294nam a2200121Ia 4500
008
191201s2016 xx 000 0 und d
100
_a
DUDA, Richard O
245
0
_a
Pattern Classification
260
_a
N. Delhi
_b
Wiley India
_c
2016
300
_a
654
650
_a
M.Tech (ECE)
942
_2
ddc
_c
BK
999
_c
6692
_d
6692